Selección de motores de combustión interna
Saved in:
| Main Author: | |
|---|---|
| Format: | Book |
| Language: | Spanish |
| Published: |
Quilpué
Universidad Católica de Valparaíso
1984
|
| Subjects: | |
| Tags: |
Add Tag
No Tags, Be the first to tag this record!
|
MARC
| LEADER | 00000nam a2200000 a 4500 | ||
|---|---|---|---|
| 001 | UCK0167 | ||
| 003 | CL-VaPUC | ||
| 008 | 040915e19840000CL |||||||||||||||||spa|d | ||
| 082 | 0 | 4 | |a 621.43 |b RON |2 21 |
| 100 | |a Roncagliolo Ziomi, Juan René |e autor |9 610754 | ||
| 245 | 1 | 0 | |a Selección de motores de combustión interna |
| 300 | |a 46 h | ||
| 942 | |c BK | ||
| 945 | |d 20040915 00:00:00 |a cmena | ||
| 260 | |a Quilpué |b Universidad Católica de Valparaíso |c 1984 | ||
| 650 | 0 | |a Motores de combustión interna |9 261038 | |
| 650 | 0 | |a Proyectos de inversión |9 261065 | |
| 650 | 0 | |a Toma de decisiones |9 257530 | |
| 583 | |a last modification |c 20040915 00:00:00 |k Rodrigo Vera | ||
| 999 | |c 310657 |d 310655 | ||
| 952 | |0 0 |1 0 |4 0 |6 621_430000000000000_RON_1984 |7 0 |8 R |9 379536 |a BIBMEC |b BIBMEC |d 2019-11-21 |i 2121360 |o 621.43 RON 1984 |p 2121360 |r 2024-01-19 |w 2019-11-21 |y BK_R |k MEC | ||